<?xml version="1.0" encoding="UTF-8"?>
<record
    xmlns:xsi="http://www.w3.org/2001/XMLSchema-instance"
    xsi:schemaLocation="http://www.loc.gov/MARC21/slim http://www.loc.gov/standards/marcxml/schema/MARC21slim.xsd"
    xmlns="http://www.loc.gov/MARC21/slim">

  <leader>00263nam a22001097a 4500</leader>
  <controlfield tag="008">150827b        xxu||||| |||| 00| 0 eng d</controlfield>
  <datafield tag="082" ind1=" " ind2=" ">
    <subfield code="a">362.401 NEW</subfield>
  </datafield>
  <datafield tag="100" ind1=" " ind2=" ">
    <subfield code="a">NEWLYN, W.T.</subfield>
  </datafield>
  <datafield tag="245" ind1=" " ind2=" ">
    <subfield code="a">THEORY OF MONEY</subfield>
  </datafield>
  <datafield tag="250" ind1=" " ind2=" ">
    <subfield code="a">2 ED.</subfield>
  </datafield>
  <datafield tag="260" ind1=" " ind2=" ">
    <subfield code="a">OXFORD</subfield>
    <subfield code="b">CLARENDON PRESS</subfield>
    <subfield code="c">1971</subfield>
  </datafield>
  <datafield tag="999" ind1=" " ind2=" ">
    <subfield code="c">1290</subfield>
    <subfield code="d">1290</subfield>
  </datafield>
  <datafield tag="952" ind1=" " ind2=" ">
    <subfield code="0">0</subfield>
    <subfield code="1">0</subfield>
    <subfield code="2">ddc</subfield>
    <subfield code="4">0</subfield>
    <subfield code="6">362_401000000000000_NEW</subfield>
    <subfield code="7">0</subfield>
    <subfield code="9">2004</subfield>
    <subfield code="a">1000</subfield>
    <subfield code="b">1000</subfield>
    <subfield code="c">Ground Floor </subfield>
    <subfield code="d">2015-08-27</subfield>
    <subfield code="l">0</subfield>
    <subfield code="o">362.401 NEW</subfield>
    <subfield code="p">000000004107</subfield>
    <subfield code="r">2019-07-29</subfield>
    <subfield code="w">2015-08-27</subfield>
    <subfield code="y">BOOKS</subfield>
  </datafield>
</record>
